الحضارات الكبرى اليونان / (رقم التسجيلة. 32943)

تفاصيل مارك
000 -LEADER
fixed length control field 00692nam a22002177a 4500
005 - DATE AND TIME OF LATEST TRANSACTION
control field 20251108165842.0
008 - FIXED-LENGTH DATA ELEMENTS--GENERAL INFORMATION
fixed length control field 250721s1977 xx 000 0 ara d
082 14 - DEWEY DECIMAL CLASSIFICATION NUMBER
Classification number ط/938/جري
100 1# - MAIN ENTRY--PERSONAL NAME
Personal name جريح، كلارنس
245 10 - TITLE STATEMENT
Title الحضارات الكبرى اليونان /
264 1# - PRODUCTION, PUBLICATION, DISTRIBUTION, MANUFACTURE, AND COPYRIGHT NOTICE
Place of production, publication, distribution, manufacture بيروت :
Name of producer, publisher, distributor, manufacturer ليديبرد بوك ليمتد،
Date of production, publication, distribution, manufacture, or copyright notice 1977.
300 ## - PHYSICAL DESCRIPTION
Extent 51ص : مص.
490 0# - SERIES STATEMENT
Series statement سلسلة ليديبرد ؛ 561
650 17 - SUBJECT ADDED ENTRY--TOPICAL TERM
Topical term or geographic name as entry element التاريخ القديم
650 17 - SUBJECT ADDED ENTRY--TOPICAL TERM
Topical term or geographic name as entry element اليونان
650 17 - SUBJECT ADDED ENTRY--TOPICAL TERM
Topical term or geographic name as entry element الحضارات القديمة
653 ## - INDEX TERM--UNCONTROLLED
Uncontrolled term ناشئون صغار ( 10- 14 سنة )
700 1# - ADDED ENTRY--PERSONAL NAME
Personal name كرم، بهية
Relator term ترجمة
942 ## - ADDED ENTRY ELEMENTS (KOHA)
Source of classification or shelving scheme Dewey Decimal Classification
Koha item type كتب
المقتنيات
حالة السحب حالة الفقدان مصدر التصنيف حالة التلف غير قابل للإعارة المكتبة الرئيسية المكتبة الحالية موقع الرف تاريخ التزويد الرقم المتسلسل Total Checkouts رقم الإستدعاء تاريخ آخر ظهور تاريخ الفاتورة نوع المادة (كوها) الباركود
    Dewey Decimal Classification     مكتبة الأميرة سلمى مكتبة الأميرة سلمى الأطفال 28/07/2025 568957   ط/938/جري 28/07/2025 28/07/2025 كتب 568957
    Dewey Decimal Classification Unchecked   مكتبة البراءة للأطفال مكتبة البراءة للأطفال الأطفال 28/07/2025 366794   ط/938/جري 28/07/2025 28/07/2025 كتب  
    Dewey Decimal Classification     مكتبة الراية الهاشمية للأطفال مكتبة الراية الهاشمية للأطفال الأطفال 13/09/2015 296146   ط/938/جري 28/07/2025 13/09/2015 كتب PLD00346267
    Dewey Decimal Classification     مكتبة الياسمين للأطفال مكتبة الياسمين للأطفال الأطفال 23/03/2014 557336   ط/938/جري 28/07/2025 23/03/2014 كتب PLD00295939
    Dewey Decimal Classification     مكتبة بدر الجديدة للأطفال مكتبة بدر الجديدة للأطفال الأطفال 28/07/2025 400371   ط/938/جري 28/07/2025 28/07/2025 كتب 400371
Implemented & Customized by: BBB with SCIT (Smart Chains for Information Technology)

Powered by Koha